000 00581nam a2200229Ia 4500
003 OSt
005 20220924152018.0
006 a|||||r|||| 00| 0
007 ta
008 220923b |||||||| |||| 00| 0 tel d
024 _a340451
037 _cTextual
040 _aARTS
_cARTS
_btel
041 _2tel
_atel
082 _aO155,2M71w, K9
100 _aPande Varad
_9225596
245 0 _aKolhatkarani hirabai
260 _c1969
650 _aMARATHI LITERATURE
_938000
942 _hO155,2M71w, K9
_cTEXL
_2CC
999 _c468429
_d468429